Guess the album by its cover - Statistics

General Stats
  • This quiz has been taken 27 times
  • The average score is 6 of 10
Answer Stats
Picture Answer % Correct
GUTS
83%
Fine Line
74%
Dangerous Woman
70%
Teenage Dream
70%
evermore
65%
Honeymoon
48%
Endless Summer Vacation
43%
BORN PINK
39%
Bury Me At Makeout Creek
30%
Superache
30%
No matching quizzes found
Score Distribution
Percent of People with Each Score
Percentile by Number Answered
Your Score History
You have not taken this quiz